000 00577nam a2200205Ia 4500
001 12507
003 GE_BSU
008 181216s||||||||xx |||||||||||||| ||und||
040 _cGE_BSU
080 _a632.9(075.32)
245 _aПрактикум по защите растении
245 _cПод.ред.Н.Г.Берима
260 _aЛенинград
260 _bКолос
260 _c1980
300 _a246стр.21см.
300 _cуказатель лит-ры с.245
653 _aПрактикум по защите растении
942 _cBK
999 _c45681
_d45681